000 00995nam a22002897a 4500
005 20090623152647.0
008 070119s2007 ii 000 1 eng
010 _aENG-94197
020 _a9780198062189
_c145.00
020 _a0198062184
_c145.00
035 _aEN-77730
037 _bDBAD / PUB
040 _adpl
_bEnglish
042 _alcode
082 _aN
100 _a Phanishwar Nath Renu
245 _aFreed from disgrace =
_bKalankmukti /
_cby Phanishwar Nath Renu ; translated from Hindi by Satti Khanna
246 _aKalankmukti
260 _aNew Delhi
_bOxford University Press
_c2009
270 _aYMCA Library Building, Jai Singh Road,
_bNew Delhi
_e110001
300 _aviii, 119 p.
_c23cm(pbk)
500 _aNovel.
500 _aIncludes glossary
700 _aKhanna, Satti.
942 _2ddc
_cEN
_mREN
_hN
999 _c27808
_d27808